000
00368nam a22001337a 4500
003
SGT
020
_a
8126700238
082
_a
200
_b
V2000P
100
_a
पटनायक, किशन
245
_a
विकल्पहीन नहीं है दुनिया
260
_b
राजकमल प्रकाशन
_c
2000
300
_a
283
942
_2
ddc
_c
BK
999
_c
31816
_d
31816